000 00678nam a2200205Ii 4500
003 JO-AjNU
008 230605s9999||||xx |||||||||||||| ||und||
017 _a1070
040 _aJO-AjNU
_bara
_erda
_cJO-AjNU
041 _aara
050 1 4 _aTC158.R356 1987
100 3 _aتاليف :خلف،محمد رمضان،مؤيد سعدالله خليل,
_eauthor
_918286
245 0 0 _aتجارب في الهيدروليك
264 3 1 _aالموصل:وزارة التعليم العالي،1987
300 _a228ص
336 _atext
_btxt
_2rdacontent
337 _aunmediated
_bn
_2rdamedia
338 _avolume
_bnc
_2rdacarrier
650 4 _aهيدروليكا -- تجارب
_918287
999 _aA5819
_c9387
_d9387